| 000 | 00498nam a2200157Ia 4500 | ||
|---|---|---|---|
| 999 |
_c1780 _d1780 |
||
| 020 | _a0-19-861134-x | ||
| 082 | _aRR 423 NEW; | ||
| 245 | 0 | _aNew shorter oxford English dictionary: on historical principles | |
| 260 |
_aOxford _bClarendon Press _c1933 |
||
| 300 | _a2v. | ||
| 504 | _aContents: Vol.1. A-M (xxvii,1876p.). - v.2. N-Z (viii,1877 - 3801p.). | ||
| 650 | _aThe new shorter oxford English dictionary | ||
| 650 | _aEnglish language - Dictionaries | ||
| 700 | _aBrown, Lesley | ||
| 942 | _cBK | ||